000 00533nam a2200169 i 4500
001 60270
003 ES-MaACL
005 20230906164210.0
007 t|
008 031104s1964 sp df |||| | spa d
100 1 _aEscobar Márquez, Federico.
_947569
245 1 0 _aProducción y comercio del tabaco /
_cFederico Escobar Márquez.
260 _aMadrid :
_bServicio de Estudios del Banco Urquijo,
_c[1964]
300 _a124 p., 4 lám. :
_bgráf. ;
_c24 cm.
650 4 _aIndustria tabacalera.
_9150762
852 _aES-MaACL
_jC-25341
999 _c60270
_d60270